Longman advanced american dictionary
Tallennettuna:
| Aineistotyyppi: | Kirja |
|---|---|
| Kieli: | Undetermined |
| Julkaistu: |
London
Longman
2000
|
| Aiheet: | |
| Tagit: |
Lisää tagi
Ei tageja, Lisää ensimmäinen tagi!
|
| Thư viện lưu trữ: | Trung tâm Học liệu Trường Đại học Cần Thơ |
|---|
| LEADER | 00470nam a2200181Ia 4500 | ||
|---|---|---|---|
| 001 | CTU_64759 | ||
| 008 | 210402s9999 xx 000 0 und d | ||
| 020 | |c 420000 | ||
| 082 | |a 423 | ||
| 082 | |b L856 | ||
| 245 | 0 | |a Longman advanced american dictionary | |
| 260 | |a London | ||
| 260 | |b Longman | ||
| 260 | |c 2000 | ||
| 650 | |a English language | ||
| 650 | |x Dictionaries,Americanism | ||
| 904 | |i Minh,Hải | ||
| 980 | |a Trung tâm Học liệu Trường Đại học Cần Thơ | ||